| 000 | 00508nam a2200181Ia 4500 | ||
|---|---|---|---|
| 001 | 7420 | ||
| 005 | 20260306160454.0 | ||
| 008 | 260306t2021||||xx |||||||||||||| ||spa|| | ||
| 041 | _aESP | ||
| 082 |
_a338.2098541 _bC34 |
||
| 100 |
_aCastillo Mamani, Karla Melissa, _eAUT |
||
| 245 | 0 | _aDiagnóstico sobre transparencia en el sector extractivo y obras de inversión - Región Arequipa | |
| 260 | _c2021 | ||
| 300 |
_a48 páginas : _c29 cm. |
||
| 650 | _aGEN | ||
| 654 | _aCAN | ||
| 942 |
_cLIB _dJUS _fJUS _2ddc _n |
||
| 999 |
_c7420 _d7420 |
||